书目信息 |
| 题名: |
简明地理手册
|
|
| 作者: | 林先盛 编 | |
| 分册: | ||
| 出版信息: | 南宁 广西人民出版社 1984 |
|
| 页数: | 620页 | |
| 开本: | 19cm | |
| 丛书名: | ||
| 单 册: | ||
| 中图分类: | K9-62 | |
| 科图分类: | ||
| 主题词: | 地理--手册 | |
| 电子资源: | ||
| ISBN: | ||
| 000 | 00638nam0 2200229 45 | |
| 001 | 0184007524 | |
| 005 | 20051202103057.51 | |
| 010 | @dCNY2.25 | |
| 091 | @b12113.26 | |
| 100 | @a19960215d1984 em y0chiy0121 ea | |
| 101 | 0 | @achi |
| 102 | @aCN@b450000 | |
| 105 | @ay z 000yy | |
| 200 | 10 | @a简明地理手册@Ajian ming di li shou ce@f林先盛等编@Flin xian sheng deng bian |
| 210 | @a南宁@c广西人民出版社@d1984 | |
| 215 | @a620页@d19cm | |
| 517 | 1 | @a地理手册@Adi li shou ce |
| 606 | @a地理@x手册 | |
| 690 | @aK9-62@v3 | |
| 701 | 0 | @a林先盛@Alin xian sheng@4编 |
| 801 | 0 | @aCN@bNLC@c20051202 |
| 905 | @f1@b139880@dK9-62@e49@b139883@f1 | |
| 简明地理手册/林先盛等编.-南宁:广西人民出版社,1984 |
| 620页;19cm |
| ISBN :CNY2.25 |
| ● |
| 相关链接 |
|
|
|
|
正题名:简明地理手册
索取号:K9-62/49
 
预约/预借
| 序号 | 登录号 | 条形码 | 馆藏地/架位号 | 状态 | 备注 |
| 1 | 0139880 | 000079079 | 密集书库/ [索取号:K9-62/49] | 在馆 | |
| 2 | 0139881 | 202162587 | 密集书库/ [索取号:K9-62/49] | 在馆 | |
| 3 | 0139882 | 202162596 | 密集书库/ [索取号:K9-62/49] | 在馆 | |
| 4 | 0139883 | 000079060 | 密集书库/ [索取号:K9-62/49] | 在馆 | |
| 5 | 0139884 | 202092172 | 第二样本阅览室/ [索取号:K9-62/49] | 在馆 |